000 00750nam a2200217 i 4500
001 77944
003 ES-MaACL
005 20230906173451.0
007 t|
008 041116s1932 sp ||||1| spa d
080 _a357:355.4
100 1 _aGascueña, Epifanio.
_955870
245 1 0 _aTáctica de la moderna división de caballería
_b: (marchas, reposo, exploración y combate) /
_cpor Epifanio Gascueña.
260 _aToledo :
_b[s.n.],
_c1932 (
_fSebastián Rodríguez)
300 _a207, [8], IV p. ;
_c19 cm.
490 1 _aColección Bibliográfica Militar ;
_v49
650 1 4 _aCaballería-
_xTáctica.
_910654
830 0 _aColección Bibliográfica Militar ;
_v49
_9183564
852 _aES-MaACL
_jE-10398
_bR.133702
999 _c77944
_d77944